2023 3 Point contest Participants - Statistics

General Stats
  • This quiz has been taken 5 times
  • The average score is 6 of 8
Answer Stats
Hint Answer % Correct
Trailblazers Damian Lillard
100%
Celtics Jayson Tatum
100%
Pacers Tyrese Haliburton
100%
Pacers Buddy Hield
80%
Knicks Julius Randle
80%
Jazz Lauri Markkanen
60%
Heat Tyler Herro
60%
Kings Kevin Huerter
20%
No matching quizzes found
Score Distribution
Percent of People with Each Score
Percentile by Number Answered
Your Score History
You have not taken this quiz